| 000 | 00495nam a22001817a 4500 | ||
|---|---|---|---|
| 005 | 20240228152909.0 | ||
| 008 | 240228b |||||||| |||| 00| 0 eng d | ||
| 082 |
_a612.015 _bMUS-E |
||
| 100 | _aAhmad , Mushtaq | ||
| 245 |
_aEssentials of Medical Biochemistry-2 / _cMushtaq Ahmed , |
||
| 250 | _a7th ed. | ||
| 260 |
_aPakistan : _bMerit : _c2008. |
||
| 300 |
_aviii 403 p. : _bill : _c21 cm . |
||
| 490 | _vvol.2 | ||
| 500 | _ainclude index | ||
| 650 | _aMedical / Biochemistry | ||
| 999 |
_c35193 _d35193 |
||